1049 1613 1348 1085 1098 1317 1860 1562 1770 1436 1284 1839 1283 1772 1343 1132 1875 1789 1577 1192 1425 1558 1671 1056 1065 1877 1803 1518 1983 1018 1370 1719 1896 1468 1381 1147 1169 1091 1825 1281 1641 1240 1874 1531 1047 1182 1700 1663 1408 1068 1790 1596 1922 1800 1837 1637 1238 1922 1635 1968 1001 1100 1050 1296 1893 1248 1580 1643 1532 1247 1523 1846 1762 1873 1219 1079 1991 1922 1942 1500 1583 1518 1592 1665 1602 1492 1797 1887 1105 1955 1600 1546 1212 1633 1686 1989 1881 1431 1666 BCNSPRNW ULIB Ver.6.0+V

เปลี่ยนเป็นภาษาไทย

Change to English
 แสดงรายละเอียดบรรณานุกรม
  กลับหน้าหลัก

Brief Record : Get Marc (ISO 2709) : E-mail record : QR code < ปิดหน้าต่าง
LEADER : 00000nam 2200000uu 4500
001    13399121870
003     ULIB
008    121212s2552||||th 000 0 tha d
020    ^a9786167136035
050  4 ^aH62^bส724ท
100 0  ^aสิน พันธุ์พินิจ
245 10 ^aเทคนิคการวิจัยทางวิทยาศาสตร์ =^bResearch techniques inscience /^cสิน พันธุ์พินิจ
246 31 ^aResearch techniques in science
250    ^aพิมพ์ครั้งที่ 1
260    ^aกรุงเทพฯ :^bวิทยพัฒน์,^c2552
300    ^a566 หน้า :^bภาพประกอบ ;^c26 ซม.
500    ^aภาคผนวกท้ายเล่ม : การเขียนข้อเสนอโครงการเพื่อขอทุนวิจัย ;การเขียนบรรณานุกรม ; ตารางเลขสุ่ม (random number)
650  4 ^aวิทยาศาสตร์^vวิจัย
650  4 ^aวิจัย
650  4 ^aเทคนิคการวิจัย
945    ^p370^l0^i033194
945    ^p370^l0^i033195
945    ^p370^l0^i033196
995    ^a เกษร
999    ^aใช้งานได้ทุกระบบ
รายการนี้ยังไม่มีแท็ก
คุณยังไม่ได้ล็อกอิน คุณสามารถมีกิจกรรมร่วมกับเว็บไซต์ได้ แต่ต้องล็อกอินก่อน ::
  ล็อกอิน

รายการสื่อสารสนเทศ

ลำดับที่ ประเภท เลขเรียก/บาร์โค้ด สถานที่ สถานะ
1. วิทยาศาสตร์การแพทย์ และสุขภาพ
หนังสือสำรอง
สถานะ=หนังสือสำรอง
H62 ส724ท ฉ.1 
  Barcode: 033194
ห้องสมุดวิทยาเขตสวรรค์ประชารักษ์
►หนังสือทั่วไป
บนชั้น
2. วิทยาศาสตร์การแพทย์ และสุขภาพ
วิทยาศาสตร์การแพทย์ และสุขภาพ
H62 ส724ท ฉ.2 
  Barcode: 033195
ห้องสมุดวิทยาเขตสวรรค์ประชารักษ์
►หนังสือทั่วไป
บนชั้น
3. วิทยาศาสตร์การแพทย์ และสุขภาพ
วิทยาศาสตร์การแพทย์ และสุขภาพ
H62 ส724ท ฉ.3 
  Barcode: 033196
ห้องสมุดวิทยาเขตสวรรค์ประชารักษ์
►หนังสือทั่วไป
บนชั้น

รายการใกล้เคียง
    ผู้แต่ง [สิน พันธุ์พินิจ]

    หัวเรื่อง [วิจัย]
    หัวเรื่อง [เทคนิคการวิจัย]

BibComment


ยังไม่เคยถูกคอมเมนท์

คอมเมนท์ทรัพยากรรายการนี้
  คอมเมนท์: เทคนิคการวิจัยทา..


 Copyright 2026. Bcnsprnw @Library